Регионална библиотека "Любен Каравелов" - Русе

Рондо (Запис номер 363388)

MARC детайли
000 -Лидер
Контролно поле с фиксирана дължина 01184ncm a2200289 a 4500
003 - Код на организацията, давaща контролен номер
Контролно поле BLK
005 - Дата и час на последна редакция
Контролно поле 20250127155405.0
008 - Елементи от данни с фиксирана дължина
fixed length control field 200403b bu ||||| |||| 00| 0 bu d
040 ## - Източник на каталожния запис
Идентификатор на билиотеката - собственик на записа BLK
041 ## - Код за език
Код за езика на текст/звукозапис или на отделно заглавие Руски
Код за езика КДБФ Руски
080 ## - УДК
Текстов определител УДК За виолончело
УДК код - определител по УДК 787.3
080 ## - УДК
Текстов определител УДК Дуо виолончело и пиано
УДК код - определител по УДК 785.72:787.3:786.2
100 ## - Редна дума - Автор
Автор Дворжак, Антонин
Авторска отговорност първи автор
R(LIN) 1299
139 ## - Редно поле
Редна дума Дворжак, Антонин
Авторски знак Дво - Д 29
245 ## - Сведения за заглавието
Заглавие Рондо
Подзаглавни данни Издание для виолончели и фортепьяно
Редно поле (дума) А. Дворжак.
260 ## - Област на издателските данни
9 (RLIN) 405530
Място на издаване, разпространение и проч. Москва
Име на издателя, разпространителя и проч. Государственное музыкальное издательство
Година на издаване 1958
300 ## - Физическа характеристика
Страници 16 с.
Размери/Мащаб 28 см
Съпровождащи материали щим 7 с.
380 ## - Жанр
Жанр Изкуство
490 ## - СЕРИИ (Колекции)
9 (RLIN) 403632
Име на серия Концертный репертуар виолончелиста
650 #0 - Допълнително описание по предмет – тема
Основно описание – тема или топоним Дуо - виолончело и пиано
9 (RLIN) 353305
653 #7 - Ключова дума – ненормативна
9 (RLIN) 183305
Ключова дума виолончело
653 #7 - Ключова дума – ненормативна
9 (RLIN) 191546
Ключова дума музикални произведения
852 ## - Местоположение
Форматна сигнатура Цб М ІІ 632
Фондова буква Хранилище
999 ## - СИСТЕМНИ КОНТРОЛНИ НОМЕРА
Koha biblionumber 363388
Koha biblioitemnumber 363388
942 ## - АРТИКУЛИ
Вид на библиотечния материал Нотни издания
Скрит в OPAC Не
Периодичен библиозапис Да
944 ## - СЪЗДАВАНЕ И РЕДАКЦИЯ на ЗАПИСА
Създаване/Редакция Създаване
Дата на регистрацията/редакция 2020-05-21
Служител, извършил регистрацията/редакцията 30560
Статус, дата на статуса Геновева Генчева
999 ## - СИСТЕМНИ КОНТРОЛНИ НОМЕРА
Koha biblioitemnumber 351260
Наличности
Код за отписване Код за изгубен артикул Източник на класификационната схема Код за повреда Коз за рестрикции Код за отдаване Артикулен № Име на библиотеката - собственик Име на библиотеката, в която се намира в момента Статус (Текущо местоположение) Дата на вписване в системата Местоположение - отдел Цена в лева Инвентарен номер Систематично азбучна сигнатура Баркод Цена в евро Служебен тип на артикула
  Не е изгубен Universal Decimal Classification Не е повреден само за читалня ползва се в читалня 772021 Регионална библиотека "Любен Каравелов" Русе Регионална библиотека "Любен Каравелов" Русе Хранилище 2020-05-26 Основен фонд - ползва се само за читалня 0.26 7949/58 Цб М ІІ 632 900000010508 0.13 Нотни издания
Vip Innovations Ltd, Rousse, Bulgaria 2025